| 000 | 00635nam a2200241Ia 4500 | ||
|---|---|---|---|
| 003 | OSt | ||
| 005 | 20221007075621.0 | ||
| 006 | a|||||r|||| 00| 0 | ||
| 007 | ta | ||
| 008 | 221006b |||||||| |||| 00| 0 hin d | ||
| 024 | _a6,440 | ||
| 037 | _cTextual | ||
| 040 |
_aFLL _cFLL _bhin |
||
| 041 |
_2hin _ahin |
||
| 082 | _aV2:2:Z, 152N8 | ||
| 100 |
_aJain M.C. Au. _9686295 |
||
| 245 | 0 | _aConstitutional law of India | |
| 250 | _a1st | ||
| 260 |
_aNew Delhi _bMetropolitan book comp. Inda _c1998 |
||
| 300 |
_axvii,418p _ccm. |
||
| 942 |
_hV2:2:Z, 152N8 _cTEXL _2CC |
||
| 999 |
_c1156760 _d1156760 |
||